000 00648nam a2200193Ii 4500
003 JO-AjNU
008 230605s9999||||xx |||||||||||||| ||und||
040 _aJO-AjNU
_bara
_erda
_cJO-AjNU
041 _aara
050 1 4 _aHD7288.77.S5238.1992
100 3 _aدرة، اسماعيل ابراهيم الشيخ,
_eauthor
_936507
245 0 0 _aالجغرافية الاقتصادية والسكانية
264 3 1 _aبيروت: دار القلم ،1992
300 _a276ص
336 _atext
_btxt
_2rdacontent
337 _aunmediated
_bn
_2rdamedia
338 _avolume
_bnc
_2rdacarrier
650 4 _aالجغرافية الاقتصادية
_936508
999 _aA15174
_c18742
_d18742